=LDR 00000nam 2200000 4500 =001 INLIS000000000009800 =005 20200812021025 =035 ##$$a 0010-061300000009800 =008 200812################g##########0#ind## =041 ##$$a Ind =082 ##$$a 2x7.2 =090 ##$$a 2x7.2, Yah y =100 ##$$a Yakan, Fathi =245 1#$$a Yang berjatuhan di jalan dakwah /$c Fathi Yakan =260 ##$$a Jakarta :$b Al-I'tishom Cahaya Umat,$c 2002 =300 ##$$a vii, 128 hlm. ; $c 21 x 14 cm. =650 #4$$a Islam - Penyiaran =020 ##$$a 979-96041-0-9 =084 ##$$a 2x7.2 YAK y =250 ##$$a Cet. 4 =990 ##$$a 2033407 =990 ##$$a 18571857 =990 ##$$a 20300408 =990 ##$$a 2033407